| Tag |
First Indicator |
Second Indicator |
Subfields |
| LEADER |
00000cas a2200000 4500 |
| 001 |
in00000049290 |
| 005 |
20151007065743.0 |
| 008 |
760620d19uu1972nyuar y 0uuua0eng d |
| 010 |
|
|
|a 65003055
|
| 022 |
|
|
|a 0084-1463
|
| 035 |
|
|
|a (OCoLC)02253946
|
| 035 |
|
|
|9 AAE2612AM
|
| 040 |
|
|
|a MUL
|c MUL
|d YUS
|d TXA
|d UtOrBLW
|
| 049 |
|
|
|a TXAE
|
| 090 |
|
|
|a TL5
|b .W63
|
| 245 |
0 |
0 |
|a World car catalogue.
|
| 264 |
|
1 |
|a New York :
|b Herald Books.
|
| 300 |
|
|
|a volumes :
|b illustrations (part. color) ;
|c 28 cm.
|
| 336 |
|
|
|a text
|b txt
|2 rdacontent
|
| 337 |
|
|
|a unmediated
|b n
|2 rdamedia
|
| 338 |
|
|
|a volume
|b nc
|2 rdacarrier
|
| 362 |
0 |
|
|a 19 -1972.
|
| 550 |
|
|
|a "Published annually by the Automobile Club of Italy."
|
| 500 |
|
|
|a Editor: S. d'Angelo.
|
| 650 |
|
0 |
|a Automobiles
|v Periodicals.
|
| 700 |
1 |
|
|a Angelo, Sergio d'.
|
| 710 |
2 |
|
|a Automobile club d'Italia.
|
| 785 |
0 |
0 |
|t World cars
|
| 999 |
|
|
|a MARS
|
| 999 |
f |
f |
|s 7cdb9e25-0132-3ef7-90a9-8cb8fca0867b
|i 2a9fbc14-54fe-3913-9a65-b6daa734a9be
|t 0
|
| 952 |
f |
f |
|p ric
|a Texas A&M University
|b Rellis Campus
|c Joint Library Facility
|s JLF
|d Remote Storage
|t 0
|e TL5 .W63
|h Library of Congress classification
|i unmediated -- volume
|k 1969
|m A14807263339
|
| 952 |
f |
f |
|p ric
|a Texas A&M University
|b Rellis Campus
|c Joint Library Facility
|s JLF
|d Remote Storage
|t 0
|e TL5 .W63
|h Library of Congress classification
|i unmediated -- volume
|k 1970
|m A14852431601
|
| 952 |
f |
f |
|p ric
|a Texas A&M University
|b Rellis Campus
|c Joint Library Facility
|s JLF
|d Remote Storage
|t 0
|e TL5 .W63
|h Library of Congress classification
|i unmediated -- volume
|k 1967
|m A14807738546
|
| 952 |
f |
f |
|p ric
|a Texas A&M University
|b Rellis Campus
|c Joint Library Facility
|s JLF
|d Remote Storage
|t 0
|e TL5 .W63
|h Library of Congress classification
|i unmediated -- volume
|k 1968
|m A14807748973
|
| 952 |
f |
f |
|p ric
|a Texas A&M University
|b Rellis Campus
|c Joint Library Facility
|s JLF
|d Remote Storage
|t 0
|e TL5 .W63
|h Library of Congress classification
|i unmediated -- volume
|k 1971
|m A14807749212
|
| 998 |
f |
f |
|a TL5 .W63
|s 1967-1972
|t 0
|l Remote Storage
|